000 02985nmm a2200997 a 4500
003 AR-BaBNM
005 20251128211633.0
008 225020s2004 ||||||||||||||000 | spa||
040 _cAR-BaBNM
245 1 0 _aLa poesía cubana en 1936
260 _aMéxico, D.F.
_bFrente de Afirmación Hispanista, A.C.
_c2004
300 1 _axx, 286 p., xxxii
500 0 _aEdición facsimilar de la obra aparecida en 1937
600 1 4 _aAcosta, Agustín
600 1 4 _aAguirre, Mirta
600 1 4 _aAlonso, Dora
600 1 4 _aAugier, Angel I.
600 1 4 _aBallagas, Emilio
600 1 4 _aBrull, Mariano
600 1 4 _aBuesa, José Angel
600 1 4 _aCárdenas Quintana, Julia
600 1 4 _aCaldevilla, Samuel
600 1 4 _aCarvajal, Juan
600 1 4 _aCasuso, Tete
600 1 4 _aCepeda, Josefina de
600 1 4 _aDíaz de la Rionda, Silverio
600 1 4 _aFeijoo, Samuel
600 1 4 _aFernández Arrondo, Ernesto
600 1 4 _aFigueroa, Esperanza
600 1 4 _aFlorit, Eugenio
600 1 4 _aGabrielli, Ada
600 1 4 _aGarcía, Ernesto M.
600 1 4 _aGarcía Barcena, Rafael
600 1 4 _aGarcía Espinosa, Juan M.
600 1 4 _aGarcía Fominaya, Zoila
600 1 4 _aGarcía Fox, Leonardo
600 1 4 _aGarcía Iglesia, Alfonso
600 1 4 _aGarcía Tuduri de Goya, Mercedes
600 1 4 _aGaztelu, Angel
600 1 4 _aGómez Sicre, José
600 1 4 _aGuillén, Nicolás
600 1 4 _aGuirao, Ramón
600 1 4 _aIñiguez, Dalia
600 1 4 _aIrulegui, Agustín
600 1 4 _aLamadrid Moya, Lukas
600 1 4 _aLezama Lima, José
600 1 4 _aLoynaz, Carlos
600 1 4 _aLoynaz, Dulce María
600 1 4 _aLoynaz, Enrique
600 1 4 _aMartínez Bello, A.M.
600 1 4 _aMorales Gómez, Julio
600 1 4 _aMuñoz del Valle, María Luisa
600 1 4 _aNavarro Luna, Manuel
600 1 4 _aNúñez, Serafina
600 1 4 _aPedroso, Regino
600 1 4 _aPérez, Emma
600 1 4 _aPichardo Moya, Felipe
600 1 4 _aPiñera Llera, Virgilio
600 1 4 _aPita Rodríguez, Félix
600 1 4 _aPortal, Herminia del
600 1 4 _aPotts, René
600 1 4 _aQuintana, Cuca
600 1 4 _aQuintana, Pedro Alejandro
600 1 4 _aRey de Garriga, Mercedes
600 1 4 _aRiera, Alberto
600 1 4 _aRodríguez Méndez, José
600 1 4 _aRodríguez Santos, Justo
600 1 4 _aRodríguez Tomeu, Julia
600 1 4 _aSabas Aloma, Mariblanca
600 1 4 _aSánchez de Fuentes, María
600 1 4 _aZacarías Tallet, José
600 1 4 _aTejada, Valentín
600 1 4 _aValdés Gayol, Carmela
600 1 4 _aVillaronda, Guillermo
600 1 4 _aZell, Rosa Hilda
600 1 4 _aZúñiga, J.L.
650 4 _aPOESIA
650 4 _aANTOLOGIAS
650 4 _aLITERATURA CONTEMPORANEA
653 _aLITERATURA CUBANA
655 _aLITERATURA
700 1 _aJiménez, Juan Ramón
_eprologuista
700 1 _aChacón y Calvo, José María
_ecomentarios
942 _cBK
998 _cmartin
999 _c20535
_d20535